000 00787nam a22001937a 4500
999 _c371378
_d371378
008 201127b ||||| |||| 00| 0 eng d
040 _aDE-2950
_bger
_cDE-2950
_erda
041 _ager
245 _aViadrina-Studentin kämpft mit Problemen.
_bBildung: Die Corona-Pandemie stellt auch die Studenten an den Universitäten in Brandenburg, wie der Viadrina in Frankfurt, vor zahlreiche Herausforderungen./.
_cThomas Engelhardt
264 _c2022
653 _aFrankfurt (Oder)
653 _aPandemie/Corona
653 _aUniversität Viadrina
773 _dFrankfurt (Oder) Märkisches Verlags- und Druckhaus GmbH & Co KG
_tMärkische Oderzeitung
_g33. Jahrgang (2022) Nr. 20 vom 25.01.2022, S. 18
942 _cA